000 01139cam a2200325 a 4500
001 13262012
003 OSt
005 20210715123154.0
008 030703s2003 ohua 001 0 eng d
010 _a 2003271040
020 _a9780538432412
020 _a0538432411
035 _a(OCoLC)ocm50489454
040 _aEUF
_cEUF
_dDLC
042 _alccopycat
050 0 0 _aHG1601.B17
082 0 0 _a332.1
_222
245 0 0 _aBanking and financial systems. /
_cCenter for Financial Training.
260 _aMason, OH :
_bThomson/South-Western,
_c2003.
300 _aix, 264 p. :
_bcol. ill. ;
_c28 cm.
500 _aIncludes index.
650 0 _aBanks and banking.
650 0 _aFinancial institutions.
710 2 _aCenter for Financial Training.
856 4 2 _3Publisher description
_uhttp://www.loc.gov/catdir/enhancements/fy1212/2003271040-d.html
856 4 1 _3Table of contents only
_uhttp://www.loc.gov/catdir/enhancements/fy1212/2003271040-t.html
906 _a7
_bcbc
_ccopycat
_d3
_encip
_f20
_gy-gencatlg
942 _2lcc
_cBK
999 _c7729
_d15229